The one culture,

Saved in:
Bibliographic Details
Main Author: Davenport, William Henry, 1908-
Format: Book
Language:English
Published: New York, Pergamon Press [1970]
Series:Pergamon unified engineering series ;
Subjects:
LEADER 00944nam a2200265 4500
001 c000135098
003 CARM
005 00000000000000.0
008 701030s1970 nyu b 00110 eng
019 1 |a 48216  |5 LACONCORD2021 
020 |a 008016322X 
035 |a (OCoLC)97325  |5 LACONCORD2021 
050 0 0 |a AZ361  |b .D38 1970 
082 0 0 |a 001.2 
100 1 |a Davenport, William Henry,  |d 1908- 
245 1 4 |a The one culture,  |c by William H. Davenport. 
260 |a New York,  |b Pergamon Press  |c [1970] 
300 |a xiv, 182 p.  |c 24 cm. 
440 0 |a Pergamon unified engineering series ; 
504 |a Bibliography: p. 170-176. 
650 0 |a Science and the humanities. 
650 0 |a Learning and scholarship. 
852 8 |b CARM  |h A2:AJ23F0  |i C04650  |p 0186069  |f BK 
999 f f |i cb767ecc-78e2-5c55-b2a5-7d53637d8088  |s 7a5f415b-1276-5712-a573-c18b13f252cf 
952 f f |p Can circulate  |a CAVAL  |b CAVAL  |c CAVAL  |d CARM 1 Store  |e C04650  |f A2:AJ23F0  |h Other scheme  |i book  |m 0186069